Sports Quiz

Random Sports or Numbers Quiz

Marquette Freshman Scoring Leaders Quiz Stats

 Plays Quiz not verified by Sporcle

Score 0/10 Timer 05:00
0 Plays Today
Number of Points Player % Correct
473 pointsDominic James
91.5%
343 pointsJerel McNeal
91.5%
378 pointsBo Ellis
53.5%
434 pointsGlenn 'Doc' Rivers
50.7%
319 pointsBrian Wardle
47.9%
383 pointsDamon Key
36.6%
311 pointsRobb Logterman
31%
307 pointsRoney Eford
21.1%
322 pointsTrevor Powell
16.9%
299 pointsRuss Wittberger
8.5%

You're not logged in!

Compare scores with friends on all Sporcle quizzes.
OR
Log In

Show Comments

Extras

Top Quizzes Today


Score Distribution

Your Account Isn't Verified!

In order to create a playlist on Sporcle, you need to verify the email address you used during registration. Go to your Sporcle Settings to finish the process.

Report this User

Report this user for behavior that violates our Community Guidelines.

Details: